000 00638cam a22002054a 4500
005 20250605164302.0
008 250528s ||||||||||||||||||||||||d
035 _a22129
020 _a9789604693900
040 _aGR-AtMCL
_bgre
_dGR-AtMCL
_eAACR2
245 1 _aΣΤΗΒΕΝ ΑΝΤΩΝΑΚΟΣ / ΣΥΓΧΡΟΝΟΙ ΕΛΛΗΝΕΣ ΕΙΚΑΣΤΙΚΟΙ
250 _a1
260 _bΤα Νεα,
_c2010
300 _a144
520 _aΑΠΟΤΕΛΕΙ ΜΕΡΟΣ ΣΕΙΡΑΣ "ΣΥΓΧΡΟΝΟΙ ΕΛΛΗΝΕΣ ΕΙΚΑΣΤΙΚΟΙ"
700 1 _aΣτρουζα Εφη
_97998
942 _cBK
999 _c7185
_d7185